[Event "2020 Norman Friedman CLASSIC"]
[Site "Chess.com"]
[Date "2020.10.10"]
[Round "5"]
[White "amachin1337"]
[Black "iballisticsquid123"]
[Result "1/2-1/2"]
[WhiteElo "1830"]
[BlackElo "2110"]

1. c4 } 1... e5 } 2. Nc3 } 2... Nc6 } 3. g3 } 3... Nf6 } 4. Bg2 } 4... Bb4 }
5. e4 } 5... O-O } 6. Nge2 } 6... a5 } 7. O-O } 7... d6 } 8. h3 } 8... Be6 }
9. d3 } 9... Qd7 } 10. Kh2 } 10... h6 } 11. Nd5 } 11... Bxd5 } 12. cxd5 }
12... Ne7 } 13. f4 } 13... c6 } 14. fxe5 } 14... dxe5 } 15. dxc6 } 15... Qxc6
} 16. Be3 } 16... Kh7 } 17. a3 } 17... Bc5 } 18. Rc1 } 18... Bxe3 } 19. Rxc6 }
19... Nxc6 } 20. Qb3 } 20... b6 } 21. Bf3 } 21... Nd4 } 22. Nxd4 } 22... Bxd4
} 23. Rc1 } 23... Rac8 } 24. Rc4 } 24... Rxc4 } 25. dxc4 } 25... Rd8 } 26. Be2
} 26... Bc5 } 27. Bd3 } 27... Ne8 } 28. Kg2 } 28... Nc7 } 29. Qc2 } 29... Rd6
} 30. Qb1 } 30... Na6 } 31. Qc2 } 31... Nb8 } 32. Qb1 } 32... Nc6 } 33. h4 }
33... Rf6 } 34. Qe1 } 34... Bd4 } 35. Qd2 } 35... Kg6 } 36. Qe2 } 36... h5 }
37. Bc2 } 37... Bxb2 } 38. Bd1 } 38... Rd6 } 39. Qxh5+ } 39... Kf6 } 40. Qg5+
} 40... Ke6 } 41. Bg4+ } 41... f5 } 42. Bxf5+ } 42... Kf7 } 43. Qh5+ } 43...
Kf8 } 44. Bg6 } 44... Ke7 } 45. Qh7 } 45... Kf6 } 46. g4 } 46... Rd2+ } 47.
Kf1 } 47... Nd4 } 48. g5+ } 48... Ke6 } 49. Qxg7 } 49... Rd1+ } 50. Kf2 }
50... Rd2+ } 51. Ke1 } 51... Nf3+ } 52. Kf1 } 52... Nh2+ } 53. Ke1 } 53...
Nf3+ } 54. Kf1 } 54... Nh2+ } 55. Ke1 } 55... Nf3+ } {#d} 1/2-1/2

[Event "2020 Norman Friedman BLITZ"]
[Site "Chess.com"]
[Date "2020.10.09"]
[Round "1"]
[White "iballisticsquid123"]
[Black "AttackJack"]
[Result "1-0"]
[WhiteElo "2122"]
[BlackElo "1188"]

1. e4 } 1... e5 } 2. Nf3 } 2... Nc6 } 3. Nc3 } 3... h6 } 4. Bc4 } 4... Bb4 }
5. O-O } 5... Bxc3 } 6. dxc3 } 6... d6 } 7. Be3 } 7... Bd7 } 8. Qd2 } 8... Qf6
} 9. Rad1 } 9... Be6 } 10. Bxe6 } 10... Qxe6 } 11. Qd5 } 11... Qxd5 } 12. exd5
} 12... Nce7 } 13. c4 } 13... Nf6 } 14. b4 } 14... O-O } 15. Nd2 } 15... Rad8
} 16. f4 } 16... e4 } 17. Bd4 } 17... Rfe8 } 18. Bxf6 } 18... gxf6 } 19. Nxe4
} 19... Ng6 } 20. Nxf6+ } 20... Kf8 } 21. Nxe8 } 21... Rxe8 } 22. Rde1 } 22...
Rd8 } 23. f5 } 23... Nh4 } 24. g3 } 24... Nxf5 } 25. Rxf5 } 25... c6 } 26. Rf6
} 26... Kg7 } 27. Ref1 } 27... Rd7 } 28. dxc6 } 28... bxc6 } 29. b5 } 29... c5
} 30. a4 } 30... d5 } 31. cxd5 } 31... Rxd5 } 32. Rxf7+ } 32... Kg8 } 33. Rxa7
} 33... Rd8 } 34. Rff7 } 34... Rd1+ } 35. Kg2 } 35... Rd2+ } 36. Kh3 } 36...
Rd8 } 37. Rg7+ } 37... Kf8 } 38. Raf7+ } 38... Ke8 } 39. Rc7 } 39... Kf8 } 40.
Rcf7+ } 40... Ke8 } 41. Rh7 } 41... h5 } 42. Rc7 } 42... Rd7 } 43. Rhxd7 }
43... Kf8 } 44. Rd8# } 1-0

[Event "2020 Norman Friedman BLITZ"]
[Site "Chess.com"]
[Date "2020.10.09"]
[Round "1"]
[White "B1ad3z"]
[Black "iwillbeatyou2day"]
[Result "1-0"]
[WhiteElo "1267"]
[BlackElo "911"]

1. e4 } 1... c5 } 2. Nf3 } 2... Nc6 } 3. d4 } 3... cxd4 } 4. Nxd4 } 4... Nxd4
} 5. Qxd4 } 5... Nf6 } 6. Nc3 } 6... g6 } 7. Be3 } 7... Bg7 } 8. Qd2 } 8... h6
} 9. f3 } 9... O-O } 10. Bxh6 } 10... Bxh6 } 11. Qxh6 } 11... Qb6 } 12. O-O-O
} 12... d6 } 13. Bd3 } 13... e5 } 14. h4 } 14... Be6 } 15. Qg5 } 15... Kg7 }
16. h5 } 16... Qa6 } 17. Bxa6 } 17... bxa6 } 18. h6+ } 18... Kh7 } 19. Qxf6 }
19... Rg8 } 20. Nd5 } 20... Rae8 } 21. Ne7 } 21... Rxe7 } 22. Qxe7 } 22...
Bxa2 } 23. Rxd6 } 23... g5 } 24. Qf6 } 24... Rg6 } 25. Qf5 } 25... Be6 } 26.
Rxe6 } 26... fxe6 } 27. Qf7+ } 27... Kh8 } 28. Qxg6 } 28... g4 } 29. Qg7# }
1-0

[Event "2020 Norman Friedman BLITZ"]
[Site "Chess.com"]
[Date "2020.10.09"]
[Round "1"]
[White "BatmanNelson"]
[Black "little_pikachu_soya"]
[Result "0-1"]
[WhiteElo "987"]
[BlackElo "1418"]

1. e4 } 1... c5 } 2. d4 } 2... cxd4 } 3. Qxd4 } 3... Nc6 } 4. Qd1 } 4... Nf6 }
5. Nc3 } 5... e6 } 6. Nf3 } 6... Bb4 } 7. Bd3 } 7... O-O } 8. Bd2 } 8... d5 }
9. O-O } 9... d4 } 10. Nb5 } 10... Bxd2 } 11. Qxd2 } 11... e5 } 12. c3 } 12...
a6 } 13. Na3 } 13... Qd6 } 14. Nc4 } 14... Qc7 } 15. cxd4 } 15... exd4 } 16.
Bc2 } 16... Rd8 } 17. Qd3 } 17... Nb4 } 18. Qd2 } 18... Qxc4 } 19. Rac1 }
19... Nxc2 } 20. Rxc2 } 20... Qxa2 } 21. Nxd4 } 21... Nxe4 } 22. Qd3 } 22...
Qd5 } 23. f3 } 23... Qxd4+ } 24. Qxd4 } 24... Rxd4 } 25. fxe4 } 25... Be6 }
26. e5 } 26... Rad8 } 27. h3 } 27... Kf8 } 28. Rc7 } 28... R4d7 } 29. Rxd7 }
29... Rxd7 } 30. b4 } 30... Ke7 } 31. Rb1 } 31... Bc4 } 32. Rc1 } 32... Bb5 }
{#R} 0-1

[Event "2020 Norman Friedman BLITZ"]
[Site "Chess.com"]
[Date "2020.10.09"]
[Round "1"]
[White "Jeffrey944"]
[Black "chesspilot01"]
[Result "0-1"]
[WhiteElo "1199"]
[BlackElo "2294"]

1. d4 } 1... d5 } 2. c4 } 2... e6 } 3. Nf3 } 3... Nf6 } 4. Nc3 } 4... c6 } 5.
e3 } 5... Bd6 } 6. Bd2 } 6... O-O } 7. Bd3 } 7... Nbd7 } 8. O-O } 8... dxc4 }
9. Bxc4 } 9... e5 } 10. dxe5 } 10... Nxe5 } 11. Nxe5 } 11... Bxe5 } 12. Qc2 }
12... Ng4 } 13. h3 } 13... Nh2 } 14. Rfd1 } 14... Qg5 } 15. f4 } 15... Qg3 }
16. fxe5 } 16... Nf3+ } 17. Kf1 } 17... Nh2+ } 18. Kg1 } 18... Bxh3 } 19. Be1
} 19... Nf3+ } 20. Kf1 } 20... Nxe1 } 21. Rxe1 } 21... Be6 } 22. Be2 } 22...
f6 } 23. Ne4 } 23... fxe5+ } 24. Kg1 } 24... Qg6 } 25. Bd3 } 25... Bf5 } 26.
Nf2 } 26... e4 } 27. Bc4+ } 27... Kh8 } 28. Bf1 } 28... Qg3 } 29. Nh1 } 29...
Qh4 } 30. Qf2 } 30... Qh6 } 31. Ng3 } 31... Bg4 } 32. Nxe4 } 32... Rxf2 } 33.
Nxf2 } 33... Be6 } 34. Rad1 } 34... Rf8 } 35. Ne4 } 35... Bg4 } {#R} 0-1

[Event "2020 Norman Friedman BLITZ"]
[Site "Chess.com"]
[Date "2020.10.09"]
[Round "1"]
[White "bigdonkeyhead"]
[Black "WaSabi5829"]
[Result "0-1"]
[WhiteElo "1149"]
[BlackElo "1712"]

1. e4 } 1... c5 } 2. Nf3 } 2... Nc6 } 3. d4 } 3... cxd4 } 4. Bc4 } 4... e6 }
5. O-O } 5... Bc5 } 6. c3 } 6... dxc3 } 7. Nxc3 } 7... Nf6 } 8. e5 } 8... Ng8
} 9. Bg5 } 9... f6 } 10. exf6 } 10... Nxf6 } 11. Bxf6 } 11... Qxf6 } 12. Ne4 }
12... Qe7 } 13. Bb3 } 13... O-O } 14. Qc2 } 14... Bb6 } 15. Neg5 } 15... g6 }
16. Rfe1 } 16... Qg7 } 17. a3 } 17... Bd4 } 18. Rab1 } 18... Bf6 } 19. Ne4 }
19... d5 } 20. Nd6 } 20... Qe7 } 21. Nxc8 } 21... Raxc8 } 22. Qd2 } 22... Qd7
} 23. Ng5 } 23... Bxg5 } 24. Qxg5 } 24... Rce8 } 25. Ba4 } 25... Rf5 } 26. Qe3
} 26... Qf7 } 27. h3 } 27... e5 } 28. Rbd1 } 28... Kh8 } 29. Qc5 } 29... d4 }
30. Bxc6 } 30... bxc6 } 31. Qxc6 } 31... Rxf2 } 32. Rf1 } 32... Rxf1+ } 33.
Rxf1 } 33... Qe7 } 34. b4 } 34... e4 } 35. Qd5 } 35... d3 } 36. Qd4+ } 36...
Kg8 } 37. Qd5+ } 37... Kh8 } 38. Qd4+ } 38... Kg8 } 39. Re1 } 39... Qe5 } 40.
Qe3 } 40... Qd5 } 41. Qd2 } 41... Qd4+ } 42. Re3 } 42... Rf8 } 43. Kh1 } 43...
Rc8 } 44. Kh2 } 44... Rc2 } 45. Qe1 } 45... d2 } 46. Qd1 } 46... Rc1 } 47.
Qb3+ } 47... Kh8 } 48. Qf7 } 48... Qd8 } 49. Qe6 } 49... d1=Q } 50. Qe5+ }
50... Kg8 } 51. Qe6+ } 51... Kf8 } 52. Qxe4 } 52... Q1d6+ } 53. Rg3 } 53...
Rc7 } 54. Qf3+ } 54... Rf7 } 55. Qf1 } 55... Rxf1 } 56. h4 } 56... Qxg3+ } 57.
Kxg3 } 57... Qd3+ } 58. Kg4 } 58... Rf5 } 59. g3 } 59... Qe4+ } 60. Kh3 }
60... Qe6 } 61. Kg2 } 61... Qd5+ } 62. Kh2 } 62... Qb3 } 63. Kg1 } 63... Qxa3
} 64. Kh2 } 64... Qxb4 } 65. Kg1 } 65... Qd2 } 66. Kh1 } 66... a6 } 67. Kg1 }
67... a5 } 68. Kh1 } 68... a4 } 69. Kg1 } 69... a3 } 70. Kh1 } 70... a2 } 71.
Kg1 } 71... a1=Q# } 0-1

[Event "2020 Norman Friedman BLITZ"]
[Site "Chess.com"]
[Date "2020.10.09"]
[Round "1"]
[White "fucsko4"]
[Black "caracleliem"]
[Result "0-1"]
[WhiteElo "1521"]
[BlackElo "1162"]

1. Nf3 } 1... c5 } 2. e4 } 2... Nc6 } 3. Be2 } 3... Nf6 } 4. Nc3 } 4... g6 }
5. O-O } 5... Bg7 } 6. d3 } 6... O-O } 7. Bf4 } 7... d6 } 8. h3 } 8... Bd7 }
9. a3 } 9... Rc8 } 10. Re1 } 10... Nd4 } 11. Nxd4 } 11... cxd4 } 12. Nb1 }
12... Qc7 } 13. c3 } 13... dxc3 } 14. Nxc3 } 14... a6 } 15. Rc1 } 15... Qd8 }
16. Bf3 } 16... Bc6 } 17. d4 } 17... d5 } 18. e5 } 18... Nd7 } 19. Bh2 } 19...
e6 } 20. Ne2 } 20... Nb6 } 21. b3 } 21... Bh6 } 22. Rc2 } 22... Bd7 } 23. Nf4
} 23... Bg7 } 24. Kh1 } 24... Qe7 } 25. a4 } 25... a5 } 26. Re3 } 26... f6 }
27. exf6 } 27... Qxf6 } 28. Rec3 } 28... Rxc3 } 29. Rxc3 } 29... Qxd4 } 30.
Rc2 } 30... Qxd1+ } 31. Bxd1 } 31... e5 } 32. Nd3 } 32... e4 } 33. Nc5 } 33...
Bf5 } 34. g4 } 34... Bc8 } 35. Bc7 } 35... Nd7 } 36. Ne6 } 36... Re8 } 37.
Nxg7 } 37... Kxg7 } 38. Kg2 } 38... Kf6 } 39. Be2 } 39... d4 } 40. Bb5 } 40...
d3 } 41. Rd2 } 41... Re7 } 42. Bg3 } 42... Nc5 } 43. Bc4 } 43... b6 } 44. Bd6
} 44... Rd7 } 45. Bg3 } 45... Bb7 } 46. Kf1 } 46... Bd5 } 47. Bb5 } 47... Re7
} 48. Rb2 } 48... Nxb3 } 49. Bd6 } 49... Re6 } 50. Bf4 } 50... Nd4 } 51. Be3 }
51... Nf3 } 52. Bd7 } 52... Rd6 } 53. Bb5 } 53... d2 } 54. Bxd2 } 54... Nxd2+
} 55. Rxd2 } 55... Bc4+ } 56. Ke1 } 56... Rxd2 } 57. Kxd2 } 57... Bxb5 } 58.
axb5 } 58... Ke5 } 59. Kc3 } 59... Kd5 } 60. h4 } 60... Kc5 } 61. h5 } 61...
gxh5 } 62. gxh5 } 62... a4 } 63. h6 } 63... a3 } 64. Kb3 } 64... Kxb5 } 65.
Kxa3 } 65... Kc4 } 66. Kb2 } 66... Kd3 } 67. Kb3 } 67... Ke2 } 68. Kc3 } 68...
Kxf2 } 69. Kd4 } 69... e3 } 70. Kd3 } 70... e2 } 71. Ke4 } 71... e1=Q+ } 72.
Kd3 } 72... Qe3+ } 73. Kc4 } 73... Ke2 } 74. Kd5 } 74... Kd3 } 75. Kc6 } 75...
Qc5+ } 76. Kb7 } 76... Kd4 } 77. Ka6 } 77... Kd5 } 78. Kb7 } 78... Qc6+ } 79.
Ka6 } 79... Kd6 } 80. Ka7 } 80... Qa4+ } 81. Kb7 } 81... Kd7 } 82. Kb8 } 82...
Qa7+ } 83. Kxa7 } 83... b5 } 84. Ka6 } 84... b4 } 85. Ka5 } 85... b3 } 86. Ka4
} 86... b2 } 87. Ka3 } 87... b1=Q } 88. Ka4 } 88... Qb6 } 89. Ka3 } 89... Qb5
} 90. Ka2 } 90... Qb4 } 91. Ka1 } 91... Kc6 } 92. Ka2 } 92... Kc5 } 93. Ka1 }
93... Kc4 } 94. Ka2 } 94... Kc3 } 95. Ka1 } 95... Qb2# } 0-1

[Event "2020 Norman Friedman BLITZ"]
[Site "Chess.com"]
[Date "2020.10.09"]
[Round "2"]
[White "AttackJack"]
[Black "iwillbeatyou2day"]
[Result "1-0"]
[WhiteElo "1191"]
[BlackElo "904"]

1. d4 } 1... d5 } 2. Bf4 } 2... Nc6 } 3. e3 } 3... Nf6 } 4. Nf3 } 4... e6 } 5.
c3 } 5... Bd6 } 6. Bg3 } 6... Ne4 } 7. Bd3 } 7... Nxg3 } 8. hxg3 } 8... Na5 }
9. Nbd2 } 9... c6 } 10. Qc2 } 10... b6 } 11. O-O } 11... O-O } 12. Bxh7+ }
12... Kh8 } 13. Bd3 } 13... c5 } 14. dxc5 } 14... bxc5 } 15. Be2 } 15... c4 }
16. Kh2 } 16... Qf6 } 17. Rh1 } 17... Kg8 } 18. Kg1 } 18... Nc6 } 19. Qh7# }
1-0

[Event "2020 Norman Friedman BLITZ"]
[Site "Chess.com"]
[Date "2020.10.09"]
[Round "2"]
[White "bigdonkeyhead"]
[Black "fucsko4"]
[Result "1/2-1/2"]
[WhiteElo "1155"]
[BlackElo "1504"]

1. e4 } 1... Nc6 } 2. Nf3 } 2... d5 } 3. e5 } 3... g6 } 4. d4 } 4... Bg7 } 5.
Bg5 } 5... f6 } 6. exf6 } 6... exf6 } 7. Be3 } 7... Nge7 } 8. Bd3 } 8... O-O }
9. O-O } 9... Nb4 } 10. Be2 } 10... f5 } 11. a3 } 11... Nbc6 } 12. Nc3 } 12...
Be6 } 13. Qc1 } 13... a6 } 14. b4 } 14... b5 } 15. Re1 } 15... Qd7 } 16. Ng5 }
16... Nxd4 } 17. Bxd4 } 17... Bxd4 } 18. Qd2 } 18... Bb6 } 19. Bf3 } 19... Bf7
} 20. Re5 } 20... c6 } 21. Rae1 } 21... Rae8 } 22. h3 } 22... d4 } 23. Nd1 }
23... Bd5 } 24. Bxd5+ } 24... Nxd5 } 25. Ne6 } 25... Rf7 } 26. Qh6 } 26... Rc8
} 27. Ng5 } 27... Rg7 } 28. Ne6 } 28... Rf7 } 29. Ng5 } 29... Rg7 } 30. Ne6 }
30... Rf7 } {#d} 1/2-1/2

[Event "2020 Norman Friedman BLITZ"]
[Site "Chess.com"]
[Date "2020.10.09"]
[Round "2"]
[White "B1ad3z"]
[Black "iballisticsquid123"]
[Result "0-1"]
[WhiteElo "1267"]
[BlackElo "2122"]

1. e4 } 1... c5 } 2. Nf3 } 2... g6 } 3. d4 } 3... cxd4 } 4. Nxd4 } 4... Nc6 }
5. Be3 } 5... Bg7 } 6. Nc3 } 6... Nf6 } 7. f3 } 7... O-O } 8. Qd2 } 8... d5 }
9. exd5 } 9... Nxd5 } 10. Nxd5 } 10... Qxd5 } 11. O-O-O } 11... Qxa2 } 12. c3
} 12... Nxd4 } 13. Bxd4 } 13... Bf5 } 14. Bd3 } 14... Qa1+ } 15. Kc2 } 15...
Qa4+ } 16. Kc1 } 16... Be6 } 17. Bxg7 } 17... Kxg7 } 18. Bc2 } 18... Qa1+ }
19. Bb1 } 19... Bf5 } 20. Qd4+ } 20... e5 } 21. Qxe5+ } 21... f6 } 22. Rd7+ }
22... Bxd7 } 23. Qc7 } 23... Qa4 } 24. Rd1 } 24... Rad8 } 25. Bc2 } 25... Qa1+
} 26. Bb1 } 26... Qa4 } 27. Bc2 } 27... Qc6 } 28. Qf4 } 28... Be6 } 29. Re1 }
29... Qd6 } 30. Qe3 } 30... Rfe8 } 31. Qg1 } 31... Qd2+ } 32. Kb1 } 32... Ba2+
} 33. Kxa2 } 33... Rxe1 } 34. Qxa7 } 34... Qxc2 } 35. Qxb7+ } 35... Kh6 } 36.
Qc7 } 36... Qa4# } 0-1

[Event "2020 Norman Friedman BLITZ"]
[Site "Chess.com"]
[Date "2020.10.09"]
[Round "2"]
[White "WaSabi5829"]
[Black "caracleliem"]
[Result "1/2-1/2"]
[WhiteElo "1705"]
[BlackElo "1173"]

1. c4 } 1... e5 } 2. Nc3 } 2... Nf6 } 3. e4 } 3... Nc6 } 4. d3 } 4... Be7 } 5.
Nge2 } 5... O-O } 6. g3 } 6... Bd6 } 7. Bg2 } 7... Be7 } 8. O-O } 8... d6 } 9.
f4 } 9... Bd7 } 10. f5 } 10... Nd4 } 11. Nxd4 } 11... exd4 } 12. Ne2 } 12...
c5 } 13. h3 } 13... a6 } 14. a4 } 14... b5 } 15. axb5 } 15... axb5 } 16. Rxa8
} 16... Qxa8 } 17. b3 } 17... Bc6 } 18. g4 } 18... b4 } 19. Ng3 } 19... Qb8 }
20. g5 } 20... Nd7 } 21. Nh5 } 21... f6 } 22. gxf6 } 22... Nxf6 } 23. Nxf6+ }
23... Bxf6 } 24. Qg4 } 24... Qc7 } 25. Bg5 } 25... Bxg5 } 26. Qxg5 } 26... Qf7
} 27. h4 } 27... Qf6 } 28. Qg4 } 28... Ra8 } 29. Rb1 } 29... g6 } 30. fxg6 }
30... Qxg6 } 31. Qxg6+ } 31... hxg6 } 32. Kh2 } 32... Kf7 } 33. Kg3 } 33...
Kf6 } 34. Kf4 } 34... Bd7 } 35. Rf1 } 35... Ra3 } 36. Rb1 } 36... Ra2 } 37.
Kf3 } 37... Rd2 } 38. Bf1 } 38... g5 } 39. hxg5+ } 39... Kxg5 } 40. Kg3 } {#d}
1/2-1/2

[Event "2020 Norman Friedman BLITZ"]
[Site "Chess.com"]
[Date "2020.10.09"]
[Round "2"]
[White "chesspilot01"]
[Black "little_pikachu_soya"]
[Result "1-0"]
[WhiteElo "2294"]
[BlackElo "1418"]

1. e4 } 1... c5 } 2. Nf3 } 2... e6 } 3. d3 } 3... Nc6 } 4. g3 } 4... Be7 } 5.
Bg2 } 5... Nf6 } 6. O-O } 6... O-O } 7. Qe2 } 7... d6 } 8. c3 } 8... b5 } 9.
d4 } 9... c4 } 10. e5 } 10... Nd5 } 11. exd6 } 11... Bxd6 } 12. Ne5 } 12...
Nxe5 } 13. dxe5 } 13... Be7 } 14. Rd1 } 14... Bb7 } 15. a4 } 15... a6 } 16.
Na3 } 16... Qa5 } 17. axb5 } 17... axb5 } 18. Nc2 } 18... Qb6 } 19. Be3 }
19... Nxe3 } 20. Nxe3 } 20... Bxg2 } 21. Nxg2 } 21... Rxa1 } 22. Rxa1 } 22...
Rd8 } 23. Nf4 } 23... Bc5 } 24. Nh5 } 24... h6 } 25. h4 } 25... g6 } 26. Nf6+
} 26... Kg7 } 27. h5 } 27... g5 } 28. Qc2 } 28... Rd3 } 29. Ra8 } 29... Rxg3+
} 30. Kf1 } 30... Bf8 } 31. Qh7# } 1-0

[Event "2020 Norman Friedman BLITZ"]
[Site "Chess.com"]
[Date "2020.10.09"]
[Round "2"]
[White "BatmanNelson"]
[Black "Jeffrey944"]
[Result "0-1"]
[WhiteElo "979"]
[BlackElo "1294"]

1. e4 } 1... e5 } 2. Nf3 } 2... Nc6 } 3. Bb5 } 3... a6 } 4. Ba4 } 4... Nf6 }
5. Nc3 } 5... d6 } 6. O-O } 6... Be7 } 7. h3 } 7... O-O } 8. d3 } 8... b5 } 9.
Bb3 } 9... Nd4 } 10. Bd5 } 10... Nxd5 } 11. Nxd5 } 11... c6 } 12. Nxe7+ }
12... Qxe7 } 13. c3 } 13... Nxf3+ } 14. Qxf3 } 14... Bd7 } 15. Qg3 } 15... f5
} 16. f3 } 16... fxe4 } 17. fxe4 } 17... Rxf1+ } 18. Kxf1 } 18... Rf8+ } 19.
Kg1 } 19... Qf6 } 20. Bg5 } 20... Qg6 } 21. Rd1 } 21... Qh5 } 22. Rd2 } 22...
Qg6 } 23. d4 } 23... Qxe4 } 24. dxe5 } 24... d5 } 25. Rd3 } 25... Be6 } 26.
Bh6 } 26... Rf7 } 27. Bg5 } 27... Qe2 } {#R} 0-1

[Event "2020 Norman Friedman BLITZ"]
[Site "Chess.com"]
[Date "2020.10.09"]
[Round "3"]
[White "caracleliem"]
[Black "Jeffrey944"]
[Result "0-1"]
[WhiteElo "1167"]
[BlackElo "1385"]

1. e4 } 1... e5 } 2. Nf3 } 2... Nc6 } 3. Bb5 } 3... a6 } 4. Ba4 } 4... Nf6 }
5. O-O } 5... Nxe4 } 6. Re1 } 6... Nc5 } 7. Bxc6 } 7... dxc6 } 8. d4 } 8...
Ne6 } 9. Nxe5 } 9... Qxd4 } 10. Qxd4 } 10... Nxd4 } 11. Ng6+ } 11... Be6 } 12.
Nxh8 } 12... Nxc2 } 13. Kh1 } 13... Nxe1 } 14. Bd2 } 14... Nc2 } 15. Nc3 }
15... Nxa1 } 16. Bf4 } 16... O-O-O } 17. Ne4 } 17... Rd1# } 0-1

[Event "2020 Norman Friedman BLITZ"]
[Site "Chess.com"]
[Date "2020.10.09"]
[Round "3"]
[White "fucsko4"]
[Black "BatmanNelson"]
[Result "1-0"]
[WhiteElo "1506"]
[BlackElo "977"]

1. Nf3 } 1... d5 } 2. e4 } 2... e6 } 3. exd5 } 3... exd5 } 4. Nc3 } 4... Nf6 }
5. d4 } 5... Nc6 } 6. a3 } 6... Bg4 } 7. Be2 } 7... Qe7 } 8. O-O } 8... Ne4 }
9. Nxd5 } 9... Qd6 } 10. c4 } 10... h5 } 11. Qd3 } 11... f5 } 12. h3 } 12...
Bxf3 } 13. Bxf3 } 13... Ng5 } 14. Re1+ } 14... Be7 } 15. Nxe7 } 15... Nxe7 }
16. Bxb7 } 16... Rb8 } 17. c5 } 17... Qg6 } 18. c6 } 18... Ne4 } 19. Bf4 }
19... Nd5 } 20. Bxc7 } 20... Nxc7 } 21. d5 } 21... O-O } 22. b4 } 22... Rbe8 }
23. Rac1 } 23... f4 } 24. f3 } 24... Rf6 } 25. fxe4 } 25... Qg5 } 26. Qf3 }
{#r} 1-0

[Event "2020 Norman Friedman BLITZ"]
[Site "Chess.com"]
[Date "2020.10.09"]
[Round "3"]
[White "AttackJack"]
[Black "B1ad3z"]
[Result "0-1"]
[WhiteElo "1185"]
[BlackElo "1273"]

1. d4 } 1... Nf6 } 2. Bf4 } 2... g6 } 3. e3 } 3... Bg7 } 4. Nf3 } 4... d6 } 5.
c3 } 5... O-O } 6. Bd3 } 6... Re8 } 7. Nbd2 } 7... e5 } 8. dxe5 } 8... dxe5 }
9. Bxe5 } 9... Qxd3 } 10. Bxc7 } 10... Nc6 } 11. Bf4 } 11... Bg4 } 12. h3 }
12... Bxf3 } 13. Nxf3 } 13... Rad8 } 14. Qxd3 } 14... Rxd3 } 15. O-O } 15...
Nh5 } 16. Bg5 } 16... Ne5 } 17. Nxe5 } 17... Rxe5 } 18. Rfe1 } 18... Rxg5 }
19. e4 } 19... Nf4 } 20. g3 } 20... Rd2 } 21. Rf1 } 21... Nxh3+ } 22. Kh2 }
22... Nxf2 } 23. Rae1 } 23... Rh5+ } 24. Kg1 } 24... Nh3+ } 25. Kh1 } 25...
Nf2+ } 26. Kg2 } 26... Nd3+ } 27. Kg1 } 27... Rhh2 } 28. Rf3 } 28... Nxe1 }
29. Rf4 } 29... Rhg2+ } 30. Kf1 } 30... Nd3 } 31. Rf3 } 31... Rh2 } 32. Kg1 }
32... Rhe2 } 33. Rf2 } 33... Rxf2 } 34. a3 } 34... Rd1# } 0-1

[Event "2020 Norman Friedman BLITZ"]
[Site "Chess.com"]
[Date "2020.10.09"]
[Round "3"]
[White "iballisticsquid123"]
[Black "chesspilot01"]
[Result "1-0"]
[WhiteElo "2136"]
[BlackElo "2282"]

1. e4 } 1... e5 } 2. Nf3 } 2... Nf6 } 3. Nxe5 } 3... Nc6 } 4. Nxc6 } 4... dxc6
} 5. e5 } 5... Nd5 } 6. d4 } 6... c5 } 7. c4 } 7... Nb4 } 8. a3 } 8... Nc6 }
9. d5 } 9... Nxe5 } 10. Bf4 } 10... Bd6 } 11. Be2 } 11... O-O } 12. Bg3 }
12... Qf6 } 13. Nc3 } 13... Ng6 } 14. O-O } 14... Bf5 } 15. Bd3 } 15... Rfe8 }
16. Nb5 } 16... Bxd3 } 17. Qxd3 } 17... Nf4 } 18. Qf3 } 18... Ne2+ } 19. Kh1 }
19... Nxg3+ } 20. fxg3 } 20... Qxf3 } 21. Rxf3 } 21... Re2 } 22. Nxd6 } 22...
cxd6 } 23. Rb3 } 23... Rae8 } 24. h3 } 24... b6 } 25. Rf1 } 25... R8e3 } 26.
Rxe3 } 26... Rxe3 } 27. Rf3 } 27... Re2 } 28. b3 } 28... f6 } 29. Kg1 } 29...
a6 } 30. Kf1 } 30... Rb2 } 31. Re3 } 31... Kf7 } 32. Re6 } 32... Rxb3 } 33.
Rxd6 } 33... Rxg3 } 34. Rxb6 } 34... Rxa3 } 35. Rb7+ } 35... Kg6 } 36. Rc7 }
36... Rd3 } 37. Rxc5 } 37... Rd4 } 38. Ke2 } 38... Kf5 } 39. Ke3 } 39... Re4+
} 40. Kd3 } 40... Re1 } 41. Ra5 } 41... Rd1+ } 42. Kc3 } 42... Rg1 } 43. g4+ }
43... Ke5 } 44. Rxa6 } 44... Rg3+ } 45. Kb4 } 45... Rxh3 } 46. Re6+ } 46...
Kf4 } 47. d6 } 47... Rh1 } 48. c5 } 48... Kxg4 } 49. d7 } 49... Rb1+ } 50. Kc4
} 50... Rb8 } 51. c6 } 51... Kf5 } 52. c7 } 52... Kxe6 } 53. cxb8=Q } 53...
Kxd7 } 54. Qb7+ } 54... Ke6 } 55. Qxg7 } 55... f5 } 56. Qxh7 } 56... f4 } 57.
Qe4+ } 57... Kf6 } 58. Qxf4+ } {#r} 1-0